[Event "21st Alekhine Master 2017"]
[Site "Voronezh"]
[Date "2017.06.16"]
[Round "5"]
[White "Kryakvin, Dmitry"]
[Black "Gavrilov, Alexei"]
[Result "1-0"]
[WhiteElo "2572"]
[BlackElo "2495"]
[Annotator "TA"]
[PlyCount "111"]
[EventDate "2017.??.??"]
[EventType "swiss"]
[EventCountry "RUS"]
[SourceTitle "playchess.com"]
[Source "ChessBase"]
[SourceQuality "1"]

{[%evp 9,111,0,0,0,14,0,4,-12,-17,-14,-3,0,0,-16,-18,-18,-19,-22,-10,-11,-15,-15,-3,-8,-4,-8,0,0,26,-5,0,0,33,0,0,0,0,10,31,-13,-27,-25,-8,-8,-8,-8,-8,-8,-8,-14,-8,-14,-4,-27,-17,-71,0,-18,-6,-7,0,0,8,-6,-15,-18,-9,-37,-40,-35,-40,-40,-37,-24,-28,-27,-27,-36,0,-20,0,0,0,0,1180,1124,29983,29984,29984,29985,29984,10,12,0,29986,29979,29979,29980,29980,29981,29981,29980,29979,29974]} 1. d4 d5 2. Bf4 c5 3. e3 cxd4 4. exd4 Nc6 5. c3 Bf5 (5... Nf6 6. Nd2 a6 7. Bd3 Bg4 8. Qb3 Ra7 9. Ngf3 e6 10. O-O Be7 11. Ne5 Nxe5 12. dxe5 Nd7 13. Be3 Ra8 {½-½ (67) Morozevich,A (2676)-Fedoseev,V (2667) Moscow 2016}) 6. Nf3 {B13: Caro-Kann: Exchange Variation and Panov-Botvinnik Attack} e6 7. Qb3 Qd7 8. Nbd2 {The position is equal.} Nge7 9. Be2 Ng6 10. Bg3 Bd6 11. Nf1 $146 ({Predecessor:} 11. O-O O-O 12. c4 Nf4 13. Bxf4 Bxf4 14. cxd5 exd5 {0-1 (22) Larsen,B (2486)-Valerga,D (2487) Buenos Aires 2002}) 11... Nf4 12. Bxf4 Bxf4 13. g3 Bd6 14. Nh4 Be4 15. f3 Bg6 $1 16. Nxg6 hxg6 17. f4 a6 18. h4 b5 19. Qd1 Ne7 20. a3 Qc7 {Threatening ...g5!} 21. Qd3 Rb8 22. Kf2 a5 23. Ne3 Nf5 (23... b4 {is more complex.} 24. cxb4 axb4 25. a4 Nc6 26. Kg2 Qa7) 24. Nxf5 gxf5 25. Qd2 g6 26. Kg2 Ke7 {[%cal Be8e7,Be7f6,Bf6g7][%mdl 32]} 27. Rhe1 Kf6 28. Rac1 Kg7 29. Bf3 Be7 30. Rh1 Bf6 31. h5 gxh5 (31... b4 $5) 32. Bxh5 {[#]} (32. Rxh5 $11 Rxh5 33. Bxh5) 32... Rbg8 (32... b4 $1 $17 {[%mdl 512] ...bxa3 is the strong threat.} 33. cxb4 (33. axb4 axb4) 33... Qb6) 33. Qd3 Qb8 34. b4 axb4 35. axb4 Rh6 36. Rh3 Rgh8 {[%cal Bg8h8,Bh8a8,Ba8a2][%mdl 32]} 37. Rch1 Qc7 38. Qf3 Ra8 39. Rd1 Ra2+ 40. Kh1 Kf8 {aiming for ...Rc2.} 41. g4 fxg4 42. Qxg4 Rh7 43. Qf3 Rg7 44. Bg4 (44. f5 $5 {[%cal Rf5e6]}) 44... Qc4 45. f5 e5 46. Rh6 {And now Qh3 would win.} exd4 $2 {[%mdl 8192]} (46... Ra3 $11) 47. Qg3 $18 {Qd6+ would kill now.} Rxg4 {[#]} 48. Qd6+ $1 (48. Qxg4 dxc3 49. Qxc4 bxc4 $16) 48... Ke8 49. Qxf6 Rg8 {[#]} 50. Qe5+ $2 (50. Rh7 $1 {mates} Rf8 51. Qe5+ Kd7 52. Qe6+ Kc7 53. Qe7+ Kb8 54. Qxf8+ Qc8 55. Qxf7) 50... Kd7 $11 {Hoping for ...d3.} 51. Rh7 $40 {[%mdl 128] White is up to no good.} Rf8 $2 {[%mdl 8192]} (51... Kc8 $11 52. Qxd4 Qxd4 53. cxd4 Rg4) 52. Re1 {White mates.} Kc8 {[#]} 53. Rxf7 $1 {[%mdl 512]} Rxf7 54. Qe8+ Kb7 55. Qxf7+ Qc7 56. Re7 {Precision: White = 50%, Black = 36%.} 1-0

[Event "21st Alekhine Master 2017"]
[Site "Voronezh"]
[Date "2017.06.16"]
[Round "5"]
[White "Chigaev, Maksim"]
[Black "Pridorozhni, Aleksei"]
[Result "1/2-1/2"]
[WhiteElo "2561"]
[BlackElo "2540"]
[Annotator "TA"]
[PlyCount "98"]
[EventDate "2017.??.??"]
[EventType "swiss"]
[EventCountry "RUS"]
[SourceTitle "playchess.com"]
[Source "ChessBase"]
[SourceQuality "1"]

{[%evp 11,98,8,13,2,13,-17,-18,-18,-20,-25,2,0,-10,-5,16,-10,13,-17,-19,-41,-9,-9,-9,-9,-9,-47,-28,-35,-8,-34,-29,0,-19,-122,-117,-87,-66,-79,-79,-68,-82,-95,-103,-100,-105,-108,-105,-113,-119,-110,-82,-67,-36,-164,-159,-192,-175,-180,-176,-181,-187,-266,-267,-420,-149,-138,-138,-137,-144,-183,-176,-233,-80,-80,-82,-84,-58,-58,-57,-74,-44,-44,-44,-44,-8,-44,-11,-44,-37]} 1. e4 c5 2. Nf3 e6 3. d3 Nc6 4. g3 g6 5. Bg5 Qc7 6. Bg2 Bg7 7. Nc3 {B30: Sicilian: 2...Nc6 3 Bb5, lines without ...g6} (7. c3 Nf6 8. Qe2 O-O 9. O-O h6 10. Bxf6 Bxf6 11. Qe3 Qb6 12. e5 Bg7 13. Nbd2 Qxb2 14. Nc4 Qb5 {½-½ (61) Bartel,M (2644)-Adhiban,B (2610) Biel 2014}) 7... a6 8. h4 $146 ({Predecessor:} 8. O-O Nge7 9. Re1 d6 10. Qd2 O-O 11. Bh6 e5 12. h3 Be6 13. Bxg7 Kxg7 14. Ng5 h6 15. Nxe6+ fxe6 {½-½ (39) Apryshko,G (2307)-Seliverstov,V (2433) Moscow 2013}) 8... d6 9. Qd2 {The position is equal.} h6 10. Be3 Nd4 11. O-O Ne7 12. Nh2 Rb8 13. Rae1 b5 {[%cal Bb7b5,Bb5b4][%mdl 32]} 14. Nd1 b4 15. f4 Qa5 16. c3 Nb5 17. c4 Nd4 18. g4 Qxa2 19. e5 {And now Bxd4 would win.} d5 $36 {[%mdl 2048] Black has some pressure.} 20. cxd5 (20. Bxd4 {looks sharper.} cxd4 21. cxd5 Nxd5 22. Nf3 Bf8 23. Nf2) 20... Nxd5 21. Bxd4 cxd4 22. f5 (22. Nf3 $11) 22... exf5 $17 23. gxf5 Bxf5 24. Nf3 Ne3 25. Nxe3 dxe3 26. Rxe3 O-O 27. Nd4 {[#]} Bd7 $1 28. h5 Qa5 29. Nb3 Qb6 30. d4 Bf5 31. Qf2 Rbd8 32. Rg3 {[#]} (32. Rf3 $1 $15) 32... f6 $1 $19 {[%cal Rf6e5]} 33. e6 Bxe6 {Strongly threatening ...g5.} 34. Nc5 g5 {Hoping for ...f5.} 35. Nxe6 Qxe6 36. Re3 (36. Qf5 $142 Qxf5 37. Rxf5) 36... Qd7 37. Qf5 (37. Rd1 $142) 37... Qxf5 $2 (37... Qxd4 $19 38. Rfe1 Rfe8) 38. Rxf5 $17 Rxd4 39. Bd5+ Kh8 40. Re7 Rd8 41. Bb3 (41. Be6 $142) 41... R4d7 $2 (41... Rd2 $19 42. Rf2 Bf8) 42. Rxd7 Rxd7 {[%mdl 4096] Endgame KRB-KRB} 43. Bc4 {[#]} a5 $1 44. Rxa5 {aiming for Ra8+.} Bf8 45. b3 Rc7 46. Kg2 $1 Bc5 47. Ra8+ Kg7 48. Rg8+ Kh7 49. Rd8 f5 {Precision: White = 44%, Black = 45%.} 1/2-1/2

[Event "21st Alekhine Master 2017"]
[Site "Voronezh"]
[Date "2017.06.16"]
[Round "5"]
[White "Rychagov, Andrey"]
[Black "Praggnanandhaa R"]
[Result "*"]
[WhiteElo "2556"]
[BlackElo "2467"]
[Annotator "TA"]
[PlyCount "93"]
[EventDate "2017.??.??"]
[EventType "swiss"]
[EventCountry "RUS"]
[SourceTitle "playchess.com"]
[Source "ChessBase"]
[SourceQuality "1"]

{[%evp 11,93,2,-22,-39,0,0,0,8,10,-22,-14,-46,-50,-100,-70,-61,-27,-35,-12,-13,5,-33,-19,-18,-5,-87,-60,-84,-36,-45,-48,-50,-52,-89,-79,-74,0,0,0,0,0,0,0,0,14,10,6,12,14,0,0,0,16,0,6,9,37,30,57,29,19,0,0,0,0,0,0,0,0,0,0,0,0,0,0,0,0,0,0,0,0,0,0,0]} 1. d4 d5 2. c4 e6 3. Nc3 c5 4. cxd5 cxd4 5. Qxd4 Nc6 6. Qa4 exd5 7. Nf3 {D32: Tarrasch Defence: Sidelines and lines without g3} Nf6 (7... d4 $5 {[%cal Rd4c3]} 8. Nb5 Nf6 $15) (7... d4 8. Nb5 Bb4+ 9. Bd2 Bxd2+ 10. Nxd2 Nge7 11. g3 O-O 12. Bg2 a6 13. Na3 Bg4 14. h3 Bh5 {1-0 (77) Harika,D (2512)-Cramling,P (2516) Beijing 2012}) 8. Bg5 Bb4 9. e3 O-O 10. Be2 $146 ({Predecessor:} 10. Rd1 h6 11. Bh4 g5 12. Bg3 Ne4 13. Be5 Qe7 14. a3 Bxc3+ 15. Bxc3 Nxc3 16. bxc3 {0-1 (43) Prestel,O (2130)-Weigand,B (2292) Lauffen am Neckar 2011}) 10... d4 11. exd4 Nxd4 12. O-O-O Nxe2+ 13. Nxe2 {[%cal Bc3e2,Be2d4,Bd4f5][%mdl 32]} Qc7+ 14. Kb1 $1 Bf5+ 15. Ka1 a5 16. Ned4 (16. Bxf6 $5 gxf6 17. a3 $11) 16... Bg6 (16... Bd7 $5 {[%cal Rd7a4]} 17. Qb3 Ne4 $11) 17. Bxf6 gxf6 18. g4 (18. a3 $11 {keeps the balance.}) 18... Rac8 19. a3 Rfd8 20. Nf5 ({Avoid the trap} 20. axb4 $2 axb4 21. Rc1 Ra8 $19) 20... b5 {[%cal Bb7b5,Bb5b4][%mdl 32]} 21. Qb3 Bf8 22. N3d4 b4 23. a4 Qf4 ({Black should try} 23... Bc5 $17) 24. f3 $11 Bxf5 25. Nxf5 Rd2 26. Qe3 Qxe3 27. Nxe3 Rcd8 (27... Rf2 {keeps more tension.} 28. Rdf1 Re2 29. Nf5 b3 30. Rd1 Rf2) 28. Rxd2 Rxd2 {[%mdl 4096] Endgame KRB-KRN} 29. Nc4 Rd5 30. b3 f5 31. Kb1 Bg7 (31... Bd6 $5) 32. Kc2 fxg4 33. fxg4 h5 (33... Be5 $5) 34. Rd1 Rc5 35. Rd8+ Kh7 36. Ra8 {The position is equal.} hxg4 {aiming for ...Rh5.} 37. Rxa5 Rxa5 38. Nxa5 {[#] Hoping for Nc6. KB-KN} Be5 39. Kd3 Bxh2 {Strongly threatening ...g3.} 40. Ke2 f5 {[%cal Bf7f5,Bf5f4,Bf4f3][%mdl 32]} 41. Nc6 f4 42. a5 f3+ 43. Kf2 Bd6 44. a6 Bc5+ 45. Kg3 Bd6+ 46. Kf2 Bc5+ 47. Kg3 {Precision: White = 51%, Black = 60%.} *

[Event "21st Alekhine Master 2017"]
[Site "Voronezh"]
[Date "2017.06.16"]
[Round "5"]
[White "Rychagov, Andrey"]
[Black "Praggnanandhaa R"]
[Result "1/2-1/2"]
[WhiteElo "2556"]
[BlackElo "2467"]
[Annotator "TA"]
[PlyCount "22"]
[EventDate "2017.??.??"]
[EventType "swiss"]
[EventCountry "RUS"]
[SourceTitle "playchess.com"]
[Source "ChessBase"]
[SourceQuality "1"]

{[%evp 16,22,33,25,53,47,50,34,39]} 1. e4 c6 2. d4 d5 3. exd5 cxd5 4. Bd3 Nc6 5. c3 g6 6. Nf3 Bg7 7. O-O Nf6 8. Re1 O-O 9. h3 Ne8 {B13: Caro-Kann: Exchange Variation and Panov-Botvinnik Attack} (9... Qc7 10. Nbd2 Nh5 11. Nb3 e5 12. dxe5 Nxe5 13. Nxe5 Bxe5 14. Bh6 Bg7 15. Bxg7 Nxg7 16. Be2 Rd8 17. Nd4 Nf5 18. Nxf5 Bxf5 {1-0 (64) Zvjaginsev,V (2673)-Golubov,S (2481) Moscow 2016}) 10. Bf4 Nd6 11. Bh2 e6 $146 ({Predecessor:} 11... Bf5 12. Bxd6 Qxd6 13. Bxf5 gxf5 14. Qe2 e6 15. Nbd2 Rac8 16. Ne5 Nxe5 17. dxe5 {1-0 (43) Nicolini,A (2151)-Dlhy,J (2057) Slovakia 2013}) 1/2-1/2

[Event "21st Alekhine Master 2017"]
[Site "Voronezh"]
[Date "2017.06.16"]
[Round "5"]
[White "Shyam, Sundar M"]
[Black "Nihal Sarin"]
[Result "1-0"]
[WhiteElo "2535"]
[BlackElo "2454"]
[Annotator "TA"]
[PlyCount "107"]
[EventDate "2017.??.??"]
[EventType "swiss"]
[EventCountry "RUS"]
[SourceTitle "playchess.com"]
[Source "ChessBase"]
[SourceQuality "1"]

{[%evp 16,107,29,22,43,41,49,42,47,49,56,23,27,27,21,28,24,20,66,45,36,45,48,53,35,60,122,7,22,-5,3,-12,94,-16,86,88,126,69,68,58,79,80,69,46,52,35,47,37,44,44,54,46,54,44,54,46,146,122,151,148,149,137,137,80,154,140,179,36,35,39,33,42,61,42,128,126,93,105,209,209,211,211,211,209,671,668,671,650,4818,2859,29984,29985,29991,29992]} 1. e4 c6 2. d4 d5 3. exd5 cxd5 4. Bd3 Nc6 5. c3 g6 6. Nf3 Bg7 7. O-O Nf6 {[%cal Bg8f6,Bf6e8,Be8d6][%mdl 32]} 8. Re1 O-O 9. h3 {LiveBook: 32 Games} Ne8 {B13: Caro-Kann: Exchange Variation and Panov-Botvinnik Attack} (9... Qc7 10. Nbd2 Nh5 11. Nb3 e5 12. dxe5 Nxe5 13. Nxe5 Bxe5 14. Bh6 Bg7 15. Bxg7 Nxg7 16. Be2 Rd8 17. Nd4 Nf5 18. Nxf5 Bxf5 {1-0 (64) Zvjaginsev,V (2673)-Golubov,S (2481) Moscow 2016}) 10. Bf4 Nd6 11. Nbd2 f6 {White is slightly better.} 12. Bh2 $146 ({Predecessor:} 12. Bg3 Nf7 13. b4 Re8 14. b5 Na5 15. c4 dxc4 16. Nxc4 Bd7 17. Nxa5 Qxa5 {1-0 (46) Kabarukhin,A (2258)-Davydovskiy,I (1998) Volgodonsk 2007}) 12... e6 13. c4 dxc4 14. Bxc4 Nxc4 15. Nxc4 Qd5 16. Ne3 Qb5 17. a4 Qb4 18. d5 $36 {[%mdl 2048] White has good play.} Rd8 $1 19. Bc7 Rd7 20. d6 Rf7 (20... Bf8 $1 $14) 21. a5 (21. Rc1 $1 $16 {Black must now prevent Re2.} Ne5 22. Nxe5 fxe5 23. b3) 21... Bd7 $11 22. Qd3 Re8 23. Rec1 Bf8 (23... f5 $11) 24. a6 (24. Ra3 $1 $16) 24... bxa6 (24... b6 $11) 25. Qxa6 $16 Nb8 26. Qa3 (26. Qxa7 $16 {aiming for Nc2.} e5 27. Nd5) 26... Qxa3 $14 27. Rxa3 e5 28. Rxa7 Nc6 29. Ra6 e4 30. Raxc6 Bxc6 31. Rxc6 {Nd2 is the strong threat.} exf3 32. gxf3 Re5 33. Nc4 Rb5 34. Kf1 h5 35. Ke2 Kh7 ({Better is} 35... Rd7 $14) 36. Kd3 Bg7 37. Kc2 g5 38. Nb6 f5 39. b3 h4 ({Black should play} 39... Bd4) 40. Rc4 Bf6 41. d7 (41. b4 $1 $18) 41... Rxb6 $1 42. Bxb6 Rxd7 {[%mdl 4096] Endgame KRB-KRB} 43. b4 {[%cal Bb3b4,Bb4b5,Bb5b6][%mdl 32]} Kg6 44. b5 {Strongly threatening Bc7.} Be5 (44... Rb7 $1 $14 45. Rc6 Kf7) 45. Bc5 $16 Rd5 46. b6 Kh5 {[#]} (46... Kf7 $16 {was called for.} 47. Be3 Rb5) 47. Be3 $1 $18 Rb5 {[#]} 48. Rc6 $1 Rb2+ 49. Kd3 Rb4 $2 (49... Rb3+ 50. Ke2 Rb2+ 51. Kd1 Rb1+ 52. Kd2 Rb2+ 53. Kd3 Rb3+ 54. Kc2 Rb2+ 55. Kd1 Rb1+ 56. Ke2 Rb2+ 57. Kd1) 50. Re6 Bh2 51. Rf6 Bf4 52. Kc3 Ra4 53. Bxf4 gxf4 54. b7 {Precision: White = 70%, Black = 41%.} 1-0

[Event "21st Alekhine Master 2017"]
[Site "Voronezh"]
[Date "2017.06.16"]
[Round "5"]
[White "Lintchevski, Daniil"]
[Black "Ponomarev, Dmitry"]
[Result "1/2-1/2"]
[WhiteElo "2532"]
[BlackElo "2417"]
[Annotator "TA"]
[PlyCount "82"]
[EventDate "2017.??.??"]
[EventType "swiss"]
[EventCountry "RUS"]
[SourceTitle "playchess.com"]
[Source "ChessBase"]
[SourceQuality "1"]

{[%evp 10,82,60,37,47,36,61,44,51,17,17,18,10,9,19,8,19,22,26,22,20,31,84,-3,12,15,24,16,8,0,69,14,8,10,0,10,14,0,10,11,16,0,8,0,18,24,29,28,46,40,45,41,39,0,0,0,0,0,0,0,0,0,0,0,0,0,0,0,0,0,0,0,0,0,0]} 1. Nf3 d5 2. d4 c6 3. c4 dxc4 4. e3 Be6 5. Nbd2 (5. Nc3 Nf6 6. Ng5 Bd5 7. e4 h6 8. exd5 hxg5 9. dxc6 Nxc6 10. d5 Ne5 11. Bxg5 g6 12. Bf4 Nfd7 13. Be2 Bg7 {1-0 (102) Fier,A (2607)-Ma,Q (2606) Auckland 2016}) 5... Nf6 6. Nxc4 {LiveBook: 8 Games. D11: Slav Defence: 3 Nf3 sidelines and 3...Nf6 4 e3 Bg4} g6 7. Bd3 Bg7 8. O-O {White is slightly better.} O-O 9. Qe2 $146 ({Predecessor:} 9. b4 Bd5 10. Bb2 Be4 11. Be2 h6 {1-0 (60) Mester,G (2419)-Gal,L (2172) Nyiregyhaza 2002}) 9... c5 10. dxc5 Nfd7 11. Ng5 Nxc5 12. Nxe6 Nxe6 13. Be4 Qc7 14. Bd2 $36 {[%mdl 2048] Black is under pressure.} Nc6 15. Rac1 Ng5 {[#]} (15... Nc5 $14 16. Bb1 a5) 16. Bd5 (16. Bb1 $1 $16) 16... e6 (16... Qd7 $5 {[%cal Rd7d5]} 17. Bxc6 Qxc6 $11) 17. Bxc6 Qxc6 18. f3 {Black must now prevent h4.} f5 19. Bc3 Rac8 (19... Bxc3 $11 20. Rxc3 Rad8) 20. Bxg7 ({White should try} 20. Bb4 $1 $14) 20... Kxg7 $11 21. b3 Nf7 22. Qb2+ Kg8 23. Rfd1 {[#] Hoping for Nd6.} Rfd8 24. Qf6 Qe8 25. e4 Rc7 26. Ne5 (26. Kf2 {feels hotter.} Rxd1 27. Rxd1 Rd7 28. Rd4 a6 29. exf5 exf5 30. Nb6) 26... Rxc1 27. Rxc1 Nxe5 28. Qxe5 {[%mdl 4096] Endgame KQR-KQR} Qd7 29. h4 Rc8 30. Rxc8+ Qxc8 $14 {KQ-KQ} 31. Qf6 fxe4 {The position is equal.} 32. fxe4 Qc5+ 33. Kh2 Qc6 34. Qe5 Kf7 35. h5 gxh5 36. Qxh5+ Kg7 37. Qg5+ Kf7 38. e5 Qd5 39. Qf4+ Kg7 40. Qg5+ Kf7 41. g4 Qf3 {Precision: White = 50%, Black = 68%.} 1/2-1/2

[Event "21st Alekhine Master 2017"]
[Site "Voronezh"]
[Date "2017.06.16"]
[Round "5"]
[White "Maiorov, Nikita"]
[Black "Tran, Tuan Minh"]
[Result "1-0"]
[WhiteElo "2521"]
[BlackElo "2542"]
[Annotator "TA"]
[PlyCount "103"]
[EventDate "2017.??.??"]
[EventType "swiss"]
[EventCountry "RUS"]
[SourceTitle "playchess.com"]
[Source "ChessBase"]
[SourceQuality "1"]

{[%evp 11,103,0,0,0,0,0,9,13,36,27,31,25,43,39,76,71,119,122,122,127,127,123,125,110,113,104,112,97,138,131,160,156,140,85,92,83,116,82,96,101,122,122,125,116,109,101,128,107,157,151,220,203,200,161,184,184,156,166,185,175,316,325,329,323,331,331,293,336,314,334,312,322,445,435,473,456,589,571,564,560,1031,1005,920,872,12838,847,12837,12837,12829,6033,12843,12843,12843,12841]} 1. d4 Nf6 2. c4 e6 3. Nc3 Bb4 4. Qc2 b6 5. a3 Bxc3+ 6. Qxc3 Bb7 7. f3 {E32: Nimzo-Indian: Classical (4 Qc2): 4...0-0} (7. Nf3 d5 8. Bg5 dxc4 9. Qxc4 Nbd7 10. e3 c5 11. Be2 h6 12. Bh4 Bd5 13. Qa4 a6 14. dxc5 bxc5 15. e4 {1-0 (33) Ivanisevic,I (2662)-Vallejo Pons,F (2684) Reykjavik 2015}) 7... d5 8. Bg5 dxc4 9. Qxc4 {The position is equal.} Nc6 (9... Ba6 $5 {[%cal Ra6c4]} 10. Qa4+ Qd7 11. Qxd7+ Nfxd7 $11) 10. Rd1 $146 ({Predecessor:} 10. e3 O-O 11. Rd1 h6 12. Bh4 Qe7 13. Nh3 Rad8 14. Be2 g5 {0-1 (57) Kalesis,N (2464)-Halkias,S (2543) Achaea 2016}) 10... h6 11. Bh4 Qd7 12. e4 {[%cal Be2e4,Be4e5][%mdl 32]} Rd8 {[%cal Rc6d4]} 13. Ne2 O-O 14. Qc1 Kh7 15. e5 Ng8 16. Bxd8 Rxd8 17. b4 {[%cal Bb2b4,Bb4b5][%mdl 32]} Kh8 18. b5 Na5 19. Nc3 Nb3 20. Qe3 Nxd4 21. Kf2 {Hoping for Ne2.} Ne7 {[#] With the idea ...Nef5.} 22. Bd3 (22. Ne2 $142 $1 {[%cal Rd1d4]} Nef5 23. Qc3) 22... Qe8 $16 23. Qf4 Ndf5 24. Bb1 {Rxd8 is the strong threat.} Rc8 25. Qd2 Qf8 26. Rhe1 Nh4 27. Qd4 Nef5 28. Qb4 {Threatens to win with Qxf8+.} Qe8 29. Re2 $36 {[%mdl 2048] White has strong initiative.} c5 30. bxc6 Qxc6 (30... Bxc6 $16 31. Ne4 Bxe4 32. Bxe4 Ng6) 31. Ne4 {Strongly threatening Rc2.} a5 32. Qb2 b5 {[#] Threatening ...Qb6+.} 33. Nd6 $1 {[%cal Rd6c8]} Qc5+ 34. Kf1 Bxf3 35. gxf3 Ne3+ (35... Nxf3 {is a better defense.} 36. Kg2 Ne3+ 37. Kxf3 (37. Rxe3 Qxe3 38. Rf1 Rc3 $14) 37... Nxd1) 36. Rxe3 $1 $18 Qxe3 37. Qe2 Rc3 38. Qxe3 (38. Nxb5 Qxf3+ 39. Qxf3 Rxf3+ 40. Ke2 g5 $18) (38. Nxf7+ Kg8 $18) 38... Rxe3 39. Be4 ({Not} 39. Nxf7+ Kg8 $16) ({But not} 39. Nxb5 $6 g6 $18) 39... f5 40. exf6 gxf6 41. Kf2 ({Weaker is} 41. Nxb5 Nxf3 42. Rd8+ Kg7 $18) 41... Rxa3 42. Nxb5 {White is clearly winning.} Ra2+ 43. Kg3 Ng2 44. Rd8+ Kg7 45. Rd7+ Kg8 46. Bh7+ Kh8 47. Nc7 e5 48. Nd5 (48. Bb1 $142 Re2 49. Ne6) 48... Nf4 49. Nxf4 exf4+ 50. Kxf4 Rxh2 51. Be4 {White wants to mate with Kf5.} Rh5 52. Rf7 {Precision: White = 89%, Black = 41%.} 1-0

[Event "21st Alekhine Master 2017"]
[Site "Voronezh"]
[Date "2017.06.16"]
[Round "5"]
[White "Kozionov, Kirill"]
[Black "Popov, Ivan"]
[Result "1/2-1/2"]
[WhiteElo "2437"]
[BlackElo "2619"]
[Annotator "TA"]
[PlyCount "41"]
[EventDate "2017.??.??"]
[EventType "swiss"]
[EventCountry "RUS"]
[SourceTitle "playchess.com"]
[Source "ChessBase"]
[SourceQuality "1"]

{[%evp 20,21,0,-16]} 1. d4 Nf6 2. c4 e6 3. Nc3 Bb4 4. e3 O-O 5. Bd3 c5 6. Nf3 d5 7. O-O cxd4 8. exd4 dxc4 9. Bxc4 b6 10. Bg5 Bb7 11. Ne5 {LiveBook: 222 Games} {Predecessor:} h6 $146 12. Bh4 Bxc3 13. bxc3 Nbd7 14. Qe2 Qc7 15. Nxd7 Nxd7 16. Rac1 a6 17. Bd3 b5 18. a4 bxa4 19. Bg3 e5 20. dxe5 Qc6 21. f4 {1-0 (38) Navara,D (2742)-Hammer,J (2651) Novy Bor 2016} 1/2-1/2

[Event "21st Alekhine Master 2017"]
[Site "Voronezh"]
[Date "2017.06.16"]
[Round "5"]
[White "Cherniaev, Alexander"]
[Black "Paravyan, David"]
[Result "0-1"]
[WhiteElo "2425"]
[BlackElo "2521"]
[Annotator "TA"]
[PlyCount "94"]
[EventDate "2017.??.??"]
[EventType "swiss"]
[EventCountry "RUS"]
[SourceTitle "playchess.com"]
[Source "ChessBase"]
[SourceQuality "1"]

{[%evp 9,94,11,71,78,71,76,80,43,223,133,141,77,437,114,456,294,554,559,876,875,831,-531,-517,-527,-520,-621,-606,-638,-614,-568,-248,-246,-222,-235,-135,-160,0,0,0,0,0,-369,-364,-357,-305,-352,-344,-352,-341,-329,-297,-384,-362,-462,-450,-445,-440,-372,-339,-366,-376,-387,-410,-430,-407,-433,-437,-430,-414,-809,-610,-29978,-29973,-29978,-6057,-29976,-29975,-29975,-29976,-29976,-29976,-29973,-29975,-29975,-29978,-29998,-29999]} 1. d4 f5 2. Nc3 Nf6 3. Bg5 d5 4. f3 Nbd7 (4... c6 5. Qd3 b5 6. a3 e6 7. e4 Be7 8. Nge2 O-O 9. exf5 exf5 10. Ng3 Ne8 11. Bf4 g5 12. Be5 {0-1 (35) Sadorra,J (2590)-Kamsky,G (2706) ICC INT 2014}) 5. Nh3 e6 $146 (5... c6 $11) ({Predecessor:} 5... h6 6. Nf4 Kf7 7. Bxf6 Nxf6 8. e4 e6 9. Qd2 g6 10. g4 fxe4 11. fxe4 Bb4 12. Bg2 Nxe4 13. Bxe4 {0-1 (59) Birnboim,N (2365)-Kaspi,A (2458) Israel 2010}) 6. e4 $16 {A80: Dutch Defence: Unusual White second moves} fxe4 7. fxe4 dxe4 8. Nf4 {White is better.} Qe7 $2 {[#]} (8... Bd6 $1 $14) 9. Nxe4 $1 {[%mdl 512]} Qf7 (9... Nxe4 10. Bxe7) 10. Bd3 (10. Nd2 $142) 10... e5 $2 {[%mdl 8192]} (10... Nxe4 $16 {is tougher.} 11. Bxe4 Be7) 11. Bxf6 $2 (11. Qe2 $18 {and White stays clearly on top.}) 11... gxf6 $4 {[%mdl 8192]} (11... Nxf6 $16 {is a better chance.} 12. Nxf6+ gxf6) 12. Nh5 Be7 $2 (12... Kd8 13. O-O Qd5 14. Nhxf6 Nxf6) 13. O-O $18 f5 {[#]} 14. Rxf5 $1 {[%mdl 512]} Qd5 (14... Qxf5 15. Ng7+) 15. Rxe5 $4 {[%mdl 8192]} (15. Kh1 $18 {and all is fine.}) 15... Qxd4+ $19 16. Kh1 {White wants to mate with Ng7+.} Qxe5 17. Qg4 Nc5 18. Qe2 Nxd3 19. cxd3 {Threatens to win with Nef6+.} Be6 (19... O-O $142 20. g3 b6) 20. d4 Qxd4 21. Nef6+ Kf7 (21... Bxf6 $19 22. Qxe6+ Be7) 22. Rf1 $17 {[#]} Bxf6 $2 (22... Raf8 $1 $17 {[%cal Re7f6]} 23. Nd5+ Ke8 24. Nxc7+ Kd7 25. Qxe6+ Kxc7 26. Qxe7+ Kb6 27. Qe6+ Ka5) 23. Rxf6+ $11 Qxf6 24. Nxf6 Kxf6 25. Qf3+ $2 {[%mdl 8192]} (25. Qf2+ $11 {and White is okay.} Ke7 26. Qh4+ Kf7 27. Qf4+ Ke8 28. Qe5) 25... Ke7 $19 26. Qxb7 Kd7 ({Inferior is} 26... Bxa2 27. Qxc7+ Kf6 28. Qc3+ Kf7 29. Qf3+ Kg6 30. Qc6+ Kf5 31. Qf3+ Kg5 32. Qe3+ Kg6 33. Qg3+ Kh6 34. Qf4+ Kg7 35. Qe5+ Kf7 36. Qf4+ Ke6 37. Qe4+ Kd6 38. Qf4+ Ke7 39. Qc7+ Kf6 40. Qf4+ Kg7 41. Qg4+ Kf8 42. Qf3+ Kg7 43. Qg4+ Kh6 44. Qf4+ Kg7 $11) 27. Qb5+ c6 28. Qb7+ Kd6 29. Qb4+ Kc7 30. Qe7+ Bd7 31. Qe5+ Kb7 32. h3 Rae8 33. Qg7 Kc8 34. Qd4 Be6 35. Qxa7 {[#]} Bd5 $1 36. Kh2 Rhg8 37. g4 Re2+ 38. Kg3 {aiming for Qa6+.} Rxb2 39. a4 (39. Qxh7 $142 Rg2+ 40. Kf4) 39... h5 40. Qa6+ Kc7 41. Qa7+ Rb7 (41... Kd6 $142 42. Qd4 Rg2+ 43. Kh4 hxg4 44. Qb4+ c5 45. Qf4+ Ke6 46. Qe3+ Kd7 47. Qe5 Be6 48. Qxc5 Rh8+ 49. Kg5 gxh3+ 50. Kf4 Rh4+ 51. Ke3 h2 52. Qb5+ Ke7 53. Qb7+ Bd7 54. Qxg2 h1=Q 55. Qxh1 Rxh1 56. a5 Ke6 57. Kd4 Ra1 58. a6 Rxa6 59. Ke4 Ra4+ 60. Kf3 Ke5 61. Ke2 Bb5+ 62. Kf3 Ra3+ 63. Kg2 Kf4 64. Kf2 Ra1 65. Kg2 Rf1 66. Kh3 Rf2 67. Kh4 Rh2#) 42. Qc5 Rb3+ {Black mates.} 43. Kh4 hxg4 44. hxg4 Rb2 45. Qe7+ Kc8 46. g5 Rg2 47. a5 Rh8+ {Precision: White = 26%, Black = 43%.} 0-1